Normal view
MARC view
Entry Personal Name
001 - CONTROL NUMBER
- control field: 81595
003 - CONTROL NUMBER IDENTIFIER
- control field: dpl
005 - DATE AND TIME OF LATEST TRANSACTION
- control field: 20250603151608.0
008 - FIXED-LENGTH DATA ELEMENTS
- fixed length control field: 250603|| aca||aabn | a|a d
040 ## - CATALOGING SOURCE
- Original cataloging agency: dpl
- Transcribing agency: dpl
100 ## - HEADING--PERSONAL NAME
- Personal name: Saxena, Rashi
670 ## - SOURCE DATA FOUND
- Source citation: Work cat.: (dpl)211541: Saxena, Tulika 81592, Global Development & Digitalisation/, 2022
